000 00614nam a2200205Ia 4500
005 20260429112130.0
008 260429s9999||||xx |||||||||||||| ||und||
020 _a9780367487706
041 _aEnglish
082 _a519.535
_bSAR
100 _aSarma, K. V. S
245 0 _aMultivariate statistics made simple :
_ba practical approach to theories and clinical case documentation /
_cK. V. S Sarma
250 _a1st ed.
260 _aBoca Raton :
_bCRC Press,
_c2024.
300 _axvi, 242 p.; pbk
650 _a practical approach
650 _aStatistics
700 _a Vardhan, R. Vishnu
942 _cTB
999 _c52509
_d52509